Arte vivo (Record no. 9593)
[ view plain ]
| 000 -CABECERA | |
|---|---|
| campo de control de longitud fija | 01027nam a2200253 a 4500 |
| 001 - NÚMERO DE CONTROL | |
| campo de control | BRL_781 |
| 005 - FECHA Y HORA DE LA ÚLTIMA TRANSACCIÓN | |
| campo de control | 20190320210907.0 |
| 008 - DATOS DE LONGITUD FIJA--INFORMACIÓN GENERAL | |
| campo de control de longitud fija | 071013s1984----u--ao#####---#000-0#eng-# |
| 041 ## - CÓDIGO DE LENGUA | |
| Código de lengua del texto/banda sonora o título independiente | eng |
| 044 ## - CÓDIGO DEL PAÍS DE LA ENTIDAD EDITORA/PRODUCTORA | |
| Código MARC del país | u |
| 050 #4 - SIGNATURA TOPOGRÁFICA DE LA BIBLIOTECA DEL CONGRESO | |
| Número de clasificación | NK844 |
| Número de documento/Ítem | .A77 1984 |
| 245 10 - MENCIÓN DE TÍTULO | |
| Título | Arte vivo |
| Resto del título | Living Traditions in Mexican Folk Art |
| Mención de responsabilidad, etc. | James R. Ramsey, editor. |
| 260 ## - PUBLICACIÓN, DISTRIBUCIÓN, ETC. | |
| Lugar de publicación, distribución, etc. | Memphis, Tennesse |
| Nombre del editor, distribuidor, etc. | Memphis State University |
| Fecha de publicación, distribución, etc. | 1984 |
| 300 ## - DESCRIPCIÓN FÍSICA | |
| Extensión | 102 p. |
| Otras características físicas | il. |
| Dimensiones | 23 cm. |
| 500 ## - NOTA GENERAL | |
| Nota general | La biblioteca cuenta con 2 ejemplares |
| 500 ## - NOTA GENERAL | |
| Nota general | ej.1 Au892, ej.2 Au2209 |
| 500 ## - NOTA GENERAL | |
| Nota general | A Guide to the project Folk Art & Fine Art in the Panamerican Experience Funded in part by the Tennessee Committee for the Humanities, Inc., a not-for-profit corporation with primary support from the National Endowment for the Humanities |
| 650 14 - PUNTO DE ACCESO ADICIONAL DE MATERIA--TÉRMINO DE MATERIA | |
| Término de materia o nombre geográfico como elemento de entrada | Arte popular |
| Subdivisión de forma | Exposiciones |
| Subdivisión geográfica | México |
| 9 (RLIN) | 1706 |
| 650 14 - PUNTO DE ACCESO ADICIONAL DE MATERIA--TÉRMINO DE MATERIA | |
| Término de materia o nombre geográfico como elemento de entrada | Artesanos |
| Subdivisión de forma | Exposiciones |
| Subdivisión geográfica | México |
| 9 (RLIN) | 24924 |
| 650 14 - PUNTO DE ACCESO ADICIONAL DE MATERIA--TÉRMINO DE MATERIA | |
| Término de materia o nombre geográfico como elemento de entrada | Artesanías |
| Subdivisión de forma | Exposiciones |
| Subdivisión geográfica | México |
| 9 (RLIN) | 24925 |
| 700 1# - PUNTO DE ACCESO ADICIONAL--NOMBRE DE PERSONA | |
| Nombre de persona | R. Ramsey, James |
| Término indicativo de función/relación | ed. |
| 9 (RLIN) | 24926 |
| 902 ## - CATALOGADOR | |
| Iniciales | GRL |
| 942 ## - ELEMENTOS DE PUNTO DE ACCESO ADICIONAL (KOHA) | |
| Fuente del sistema de clasificación o colocación | Library of Congress Classification |
| Tipo de ítem Koha | Libros |
| Estado de retiro | Estado de pérdida | Estado dañado | No para préstamo | Localización permanente | Ubicación/localización actual | Fecha de adquisición | Total de préstamos | Signatura topográfica completa | Código de barras | Fecha visto por última vez | Precio válido a partir de | Tipo de ítem Koha |
|---|---|---|---|---|---|---|---|---|---|---|---|---|
| El ejemplar forma parte de la colección y puede ser consultado según las políticas vigentes. | Biblioteca Centro de Estudios Ruth D. Lechuga | Biblioteca Centro de Estudios Ruth D. Lechuga | 07/10/2013 | NK844 .A77 1984 | GRL00850 | 22/03/2019 | 22/03/2019 | Libros | ||||
| El ejemplar forma parte de la colección y puede ser consultado según las políticas vigentes. | Biblioteca Centro de Estudios Ruth D. Lechuga | Biblioteca Centro de Estudios Ruth D. Lechuga | 14/09/2015 | NK844 .A77 1984 | GRL00851 | 22/03/2019 | 22/03/2019 | Libros |